Statistics for Countries That Contain F

Click here to take the quiz!

General Stats

  • This quiz has been taken 188 times
  • The average score is 6 of 11

Answer Stats

Answer% Correct
Finland
91%
France
90%
Fiji
83%
Afghanistan
76%
South Africa
51%
Burkina Faso
49%
Federated States Of Micronesia
36%
Democratic Republic Of Congo
35%
Republic Of Congo
35%
United States Of America
34%
Central African Republic
32%

Score Distribution

Percentile by Number Answered

Percent of People with Each Score

Your Score History

You have not taken this quiz